| 000 | 00396nam a2200157Ia 4500 | ||
|---|---|---|---|
| 008 | 220204s9999 xx 000 0 und d | ||
| 082 |
_a576.3+577.2 _bDUP |
||
| 100 | _aDUPRAW, Ernst J | ||
| 245 | 0 | _aCell and molecular biology | |
| 260 |
_aNew York _bAcademic _c1969 |
||
| 650 | _aCytology | ||
| 650 | _aEnergy transfer | ||
| 650 | _aMitochondria | ||
| 650 | _aMolecular biology | ||
| 942 | _cBK | ||
| 999 |
_c28619 _d28619 |
||